000 00653nab#a2200217#c#4500
999 _c53367
_d53367
003 IEF
005 20191203175812.0
008 950704s1976 uuu|| #####0 b| |u
040 _aIEF
_cES-MaIEF
100 1 _aSuárez Suárez, Andrés Santiago
_942637
245 _aLa financiación de la empresa pública
_bopciones y precios
_cAndrés Santiago Suárez Suárez
260 _c1976
650 4 _aEMPRESAS PUBLICAS
_943602
650 4 _aFINANCIACION
_944260
650 4 _aPRECIOS PUBLICOS
_948096
650 4 _aSERVICIOS PUBLICOS
_948391
773 0 _tHacienda pública española
_w34570
_g41, p. 3-17
942 _2udc
942 _2udc